Administratívne a právne bariéry v podnikaní na Slovensku bakalárska práca

Saved in:
Bibliographic Details
Main Author: Chovanec, Cyril
Corporate Author: Fakulta podnikového manažmentu EU. Katedra podnikovohospodárska
Other Authors: Rajčáni, Branislav
Format: Book
Language:Slovak
Published: Bratislava 2011
Tags: Add Tag
No Tags, Be the first to tag this record!

MARC

LEADER 00000nbm a2200000 4500
001 0131233
005 20161109111417.1
041 0 |a slo 
044 |a SK 
245 1 0 |a Administratívne a právne bariéry v podnikaní na Slovensku  |b bakalárska práca  |c Cyril Chovanec ; školiteľ:Branislav Rajčáni 
264 1 |a Bratislava  |c 2011 
300 |a 50 s. 
100 1 |a Chovanec, Cyril 
700 1 |a Rajčáni, Branislav 
710 2 |a Fakulta podnikového manažmentu EU. Katedra podnikovohospodárska